| 000 | 01182nam a2200241 a 4500 | ||
|---|---|---|---|
| 008 | 120619s2005 ||||||||||||||||| || u | ||
| 020 | _a9780521676304 | ||
| 020 | _a9780521676311 | ||
| 050 | _aRC 961.5 Che (BOX 200) | ||
| 100 | _aCheesbrough, Monica | ||
| 245 | 1 | 0 |
_aDistrict laboratory practice in tropical countries: part 1 & 2. (2nd ed.) _cby Monica Cheesbrough |
| 250 | _a2nd ed. | ||
| 260 |
_aCambridge: _bCambridge University Press _c2005 |
||
| 300 | _avols.: ill. | ||
| 490 | _aTropical Health Technology | ||
| 500 | _aBlue Trunk Library Collection (WHO). Bibliography | ||
| 650 | _aDIAGNOSIS, LABORATORY--HANDBOOKS, MANUALS, ETC | ||
| 650 | _aHEALTH SERVICE AREAS--DEVELOPING COUNTRIES | ||
| 650 | _aTROPICAL MEDICINE--HANDBOOKS, MANUALS, ETC | ||
| 650 | _aMEDICAL LABORATORIES--DEVELOPING COUNTRIES | ||
| 995 |
_aMEDICAL LIBRARY OPEN ACCESS _e743153 _FCBU-SCHOOL OF MEDICINE LIBRARY (Ndola) _jBTL RC 961.5 Che (BOX 200) _M2 _UAVAILABLE _WAug 9, 2012 _y743153 _ZShort Loan Collection |
||
| 995 |
_aMEDICAL LIBRARY OPEN ACCESS _e743151 _FCBU-SCHOOL OF MEDICINE LIBRARY (Ndola) _jBTL RC 961.5 Che _M1 _UAVAILABLE _WJun 22, 2012 _y743151 _ZMedical Library Open Access Collection |
||
| 999 |
_c63794 _d63794 |
||